[Event "Padova Del Santo op 1st"]
[Site "Padova"]
[Date "2014.02.15"]
[Round "4"]
[White "Sbarra, Marco"]
[Black "Gallo, Enrico"]
[Result "1-0"]
[WhiteElo "2261"]
[BlackElo "2112"]
[PlyCount "103"]
[EventDate "2014.02.14"]
[EventType "swiss"]
[EventRounds "5"]
[EventCountry "ITA"]
[SourceTitle "EXT 2022"]
[Source "ChessBase"]
[SourceDate "2021.10.06"]
[SourceVersion "1"]
[SourceVersionDate "2021.10.06"]
[SourceQuality "1"]

1. d4 Nf6 2. c4 c5 3. d5 e6 4. Nc3 exd5 5. cxd5 d6 6. e4 a6 7. h3 b5 8. Bd3 Nbd7 9. Nf3 Be7 10. 0-0 0-0 11. Re1 Bb7 12. Ne2 Re8 13. Ng3 Bf8 14. Nf5 c4 15. Bc2 Nc5 16. Ng3 g6 17. Bg5 h6 18. Bd2 Bg7 19. Qc1 Kh7 20. Bc3 Qb8 21. Qf4 Ncd7 22. Rad1 Ne5 23. Nd4 b4 24. Bxb4 Bxd5 25. Bc3 Bb7 26. Qd2 Qa7 27. Kh2 Rad8 28. f4 Ned7 29. b4 Qa8 30. Qe2 Nd5 31. Qf3 Nxc3 32. Qxc3 Qc8 33. Qa3 Qc7 34. Nde2 Nf8 35. f5 Be5 36. Qf3 Kg8 37. Kh1 d5 38. fxg6 Nxg6 39. exd5 Bxg3 40. Nxg3 Rxe1+ 41. Rxe1 Bxd5 42. Qf6 Rd6 43. Re8+ Nf8 44. Qf5 Bxg2+ 45. Kxg2 Qc6+ 46. Re4 Ng6 47. Kh2 Rf6 48. Re8+ Kg7 49. Qe4 Qd6 50. Qe3 Nh4 51. Be4 Qxb4 52. Nf5+ 1-0

[Event "Padova op-A 16th"]
[Site "Padova"]
[Date "2013.12.22"]
[Round "9.22"]
[White "Movileanu, Daniela"]
[Black "Gallo, Enrico"]
[Result "1-0"]
[WhiteElo "2051"]
[BlackElo "2108"]
[PlyCount "69"]
[EventDate "2013.12.15"]
[EventType "swiss"]
[EventRounds "9"]
[EventCountry "ITA"]
[SourceTitle "EXT 2024"]
[Source "ChessBase"]
[SourceDate "2023.10.10"]
[SourceVersion "1"]
[SourceVersionDate "2023.10.10"]
[SourceQuality "1"]

1. e4 e6 2. d4 d5 3. Nd2 Nf6 4. e5 Nfd7 5. Bd3 c5 6. c3 Nc6 7. Ne2 cxd4 8. cxd4 f6 9. exf6 Nxf6 10. Nf3 Bd6 11. 0-0 Qc7 12. Bg5 0-0 13. Qc2 Qf7 14. Bf4 Nb4 15. Qb3 Bxf4 16. Nxf4 Nxd3 17. Nxd3 b6 18. Nde5 Qh5 19. a4 Ba6 20. Rfe1 Ne4 21. a5 Rab8 22. Nd7 Bc4 23. Qe3 Qf5 24. Nxb8 Rxb8 25. Ne5 Bb5 26. axb6 axb6 27. Ra7 Rf8 28. f3 Nf6 29. Rc1 Nh5 30. g4 Qf4 31. Qxf4 Nxf4 32. Rcc7 Ne2+ 33. Kf2 Rf6 34. Rc8+ Rf8 35. Raa8 1-0

[Event "Padova op-A 16th"]
[Site "Padova"]
[Date "2013.12.21"]
[Round "8.19"]
[White "Gallo, Enrico"]
[Black "Sibilio, Mario"]
[Result "0-1"]
[WhiteElo "2108"]
[BlackElo "2314"]
[PlyCount "70"]
[EventDate "2013.12.15"]
[EventType "swiss"]
[EventRounds "9"]
[EventCountry "ITA"]
[SourceTitle "EXT 2024"]
[Source "ChessBase"]
[SourceDate "2023.10.10"]
[SourceVersion "1"]
[SourceVersionDate "2023.10.10"]
[SourceQuality "1"]

1. e4 c5 2. Nf3 b6 3. d4 cxd4 4. Nxd4 Bb7 5. Nc3 a6 6. g3 e6 7. Bg2 h5 8. h4 Nf6 9. Bg5 Qc7 10. Qe2 Ba3 11. Nd1 Bc5 12. c3 Nc6 13. Nb3 a5 14. Nxc5 bxc5 15. Ne3 Ba6 16. Qc2 Ne5 17. Rd1 Nfg4 18. Nxg4 hxg4 19. Bf4 d6 20. Bxe5 dxe5 21. Bf1 Bxf1 22. Kxf1 Qc6 23. Ke2 Rb8 24. Rd2 f5 25. Rhd1 0-0 26. c4 f4 27. Ke1 fxg3 28. fxg3 Rf3 29. Rd6 Qe8 30. Qd2 Qg6 31. Qe2 Rxg3 32. Kf2 Rf3+ 33. Kg2 Qf6 34. Rh1 Qf4 35. Rh2 Rxb2 0-1

[Event "Padova op-A 16th"]
[Site "Padova"]
[Date "2013.12.17"]
[Round "3.23"]
[White "Franco, Alessandro P"]
[Black "Gallo, Enrico"]
[Result "0-1"]
[WhiteElo "1912"]
[BlackElo "2108"]
[PlyCount "51"]
[EventDate "2013.12.15"]
[EventType "swiss"]
[EventRounds "9"]
[EventCountry "ITA"]
[SourceTitle "EXT 2024"]
[Source "ChessBase"]
[SourceDate "2023.10.10"]
[SourceVersion "1"]
[SourceVersionDate "2023.10.10"]
[SourceQuality "1"]

1. e4 e6 2. d4 d5 3. Nc3 Bb4 4. e5 c5 5. a3 Bxc3+ 6. bxc3 Qc7 7. Bd3 Nc6 8. Nf3 f6 9. exf6 Nxf6 10. 0-0 c4 11. Be2 0-0 12. Re1 Bd7 13. Bf1 Nd8 14. Ne5 Nf7 15. Bf4 Nd6 16. Rb1 Be8 17. Nxc4 dxc4 18. Rxe6 Rd8 19. Qf3 Bc6 20. Qg3 Qf7 21. Bxd6 Qxe6 22. Bxf8 Rxf8 23. Qe5 Qf7 24. Qc5 Bd5 25. Qxa7 Ne4 26. Re1 0-1